00330pab a2200133 454500008004000000100001700040245006100057260000900118300000900127362001100136650001200147650001800159773001900177180718b2001 xxu||||| |||| 00| 0 eng d aShort, Clare aAgenda for humanity: globalisation can work for the poor c2001 ap.12 a16 Jan aPoverty aGlobalization aTimes of India